Las ciencias de los antiguos en Al-Andalus / (Record no. 11256)

MARC details
000 -LEADER
campo de control de longitud fija 00759nam a22002535i 4500
001 - NÚMERO DE CONTROL
campo de control 11256
003 - IDENTIFICADOR DE NÚMERO DE CONTROL
campo de control ES-MaACL
005 - FECHA Y HORA DE LA ÚLTIMA TRANSACCIÓN
campo de control 20250801101012.0
007 - CAMPO FIJO DE DESCRIPCIÓN FÍSICA--INFORMACIÓN GENERAL
campo de control de longitud fija t|
008 - DATOS DE LONGITUD FIJA--INFORMACIÓN GENERAL
campo de control de longitud fija 921027s1992 sp ||||0| spa j
020 ## - NÚMERO INTERNACIONAL ESTÁNDAR DEL LIBRO
Número Internacional Estándar del Libro 84-7100-301-5
040 ## - FUENTE DE CATALOGACIÓN
Centro catalogador/agencia de origen M-BN
Lengua de catalogación spa
Centro/agencia transcriptor M-BN
080 ## - NÚMERO DE LA CLASIFICACIÓN DECIMAL UNIVERSAL
Número de la Clasificación Decimal Universal 5/6(460=927)"07/14"
100 1# - ENTRADA PRINCIPAL--NOMBRE DE PERSONA
Nombre de persona Samsó, Julio.
9 (RLIN) 102207
245 14 - MENCIÓN DEL TÍTULO
Título Las ciencias de los antiguos en Al-Andalus /
Mención de responsabilidad, etc. Julio Samsó.
260 ## - PUBLICACIÓN, DISTRIBUCIÓN, ETC.
Lugar de publicación, distribución, etc. Madrid :
Nombre del editor, distribuidor, etc. MAPFRE,
Fecha de publicación, distribución, etc. D.L. 1992.
300 ## - DESCRIPCIÓN FÍSICA
Extensión 501 p :
Otras características físicas il ;
Dimensiones 24 cm.
490 1# - MENCIÓN DE SERIE
Mención de serie Colección Al-Andalus ;
Designación de volumen o secuencia 7
500 ## - NOTA GENERAL
Nota general Bibliografía. Indices.
650 14 - PUNTO DE ACCESO ADICIONAL DE MATERIA--TÉRMINO DE MATERIA
Término de materia o nombre geográfico como elemento de entrada Ciencia-
Subdivisión geográfica Al-Andalus.
9 (RLIN) 10930
830 00 - PUNTO DE ACCESO ADICIONAL DE SERIE-TÍTULO UNIFORME
Título uniforme Colección Al-Andalus
Designación de volumen o secuencia 7
9 (RLIN) 178982
852 ## - LOCALIZACIÓN
Ubicación ES-MaACL
Número de control de estantería L-18601
Sublocalización o colección R.124221
Holdings
Estatus retirado Estado de pérdida Estado de daño No para préstamo Biblioteca de origen Biblioteca actual Ubicación en estantería Fecha de adquisición Fuente de adquisición Total de préstamos Signatura topográfica completa Código de barras Visto por última vez Precio de reemplazo Tipo de ítem Koha
        Biblioteca del Ateneo de Madrid Biblioteca del Ateneo de Madrid Depósito 2 17/01/2008     L-18601 1011479 23/02/2023 23/02/2023 Libro impreso